[Event "FRA-ch op-D"]
[Site "Caen"]
[Date "2011.08.25"]
[Round "9"]
[White "Dulauroy, Philippe"]
[Black "Mills, Simon"]
[Result "0-1"]
[WhiteElo "1413"]
[BlackElo "1490"]
[PlyCount "93"]
[EventDate "2011.08.16"]
[EventType "swiss"]
[EventRounds "9"]
[EventCountry "FRA"]
[SourceTitle "EXT 2012"]
[Source "ChessBase"]
[SourceDate "2011.11.24"]
[SourceVersion "1"]
[SourceVersionDate "2011.11.24"]
[SourceQuality "1"]

1. e4 d6 2. Bc4 Nf6 3. d3 e5 4. Nc3 c6 5. Bg5 Nbd7 6. Nge2 b5 7. Bb3 a5 8. a3 Be7 9. Ng3 Nc5 10. Ba2 0-0 11. Nf5 Ne6 12. Bh4 Nf4 13. Qf3 Be6 14. Ne2 Bxf5 15. exf5 Nxe2 16. Qxe2 Nd5 17. Bxe7 Qxe7 18. 0-0 Nf4 19. Qf3 Rfc8 20. Rae1 Qg5 21. c3 Qxf5 22. Bb1 Qh5 23. Qe3 Qg4 24. Qg3 Ne2+ 25. Rxe2 Qxe2 26. Qh3 Rc7 27. d4 g6 28. dxe5 dxe5 29. Qg3 Rd7 30. Qf3 Qxf3 31. gxf3 Rad8 32. Kg2 Rd1 33. Bc2 Rxf1 34. Kxf1 Rd2 35. Be4 c5 36. b4 cxb4 37. axb4 axb4 38. cxb4 Rb2 39. Kg2 Rxb4 40. Kg3 Rxe4 41. fxe4 b4 42. Kg4 b3 43. Kg5 Kg7 44. f4 exf4 45. Kxf4 b2 46. h4 b1Q 47. Ke5 0-1

[Event "FRA-ch op-D"]
[Site "Caen"]
[Date "2011.08.17"]
[Round "2"]
[White "Dulauroy, Philippe"]
[Black "Helie, Raymond"]
[Result "1-0"]
[WhiteElo "1413"]
[BlackElo "1499"]
[PlyCount "85"]
[EventDate "2011.08.16"]
[EventType "swiss"]
[EventRounds "9"]
[EventCountry "FRA"]
[SourceTitle "EXT 2012"]
[Source "ChessBase"]
[SourceDate "2011.11.24"]
[SourceVersion "1"]
[SourceVersionDate "2011.11.24"]
[SourceQuality "1"]

1. e4 e5 2. Nf3 d5 3. Nc3 d4 4. Ne2 f6 5. Ng3 h5 6. Nh4 Bg4 7. Be2 Qd7 8. d3 Bxe2 9. Qxe2 Qg4 10. Nf3 g6 11. h3 Qd7 12. Bd2 a5 13. Nh4 Ne7 14. f4 Qb5 15. b3 Nd7 16. 0-0 0-0-0 17. fxe5 Qxe5 18. Qe1 b6 19. Ne2 c5 20. c3 Nb8 21. cxd4 cxd4 22. Nf3 Qc5 23. Rc1 Qxc1 24. Qxc1+ Nec6 25. Nexd4 Bc5 26. Be3 Kb7 27. Ne6 Rxd3 28. Bxc5 Rc8 29. Qh6 Nd7 30. Qg7 bxc5 31. Nxc5+ Kb6 32. Nxd3 Rc7 33. Rc1 Nde5 34. Qxc7+ Kxc7 35. Ndxe5 fxe5 36. Nxe5 Kd6 37. Nxc6 Ke6 38. Nxa5 Ke5 39. Rc6 g5 40. Rc5+ Kf4 41. e5 g4 42. e6 gxh3 43. gxh3 1-0